000 01722cab a2200253 4500
001 ABS48256
008 090401t xxu||||| |||| 00| 0 eng d
035 _a(Sirsi) u65742
041 _aeng
245 _aSalomon v Akiens
260 _cRent Review and Lease Renewal 13(2) Winter 1992/19
350 _a0
490 _aRent Review & Lease Renewal
_vRent Review and Lease Renewal 13(2) Winter 1992/19
520 _aCA 30 October 1992. The plaintiff landlord, X, sought possession of the premises occupied by the tenant, Y, for a taxi business under a lease which expired in September 1986. The parties negotiated terms for a new one on a `subject to contract` basis before and after the application by Y for a new tenancy under Landlord and Tenant Act 1954. In December 1990 X served a notice under s5 of the Act to terminate the lease claiming they would object to the grant of a new tenancy on the grounds of non-payment fo rent. In January 1991 Y served a counter notice stating it was not willing to give up possession. The parties continued negotiations and the time limit for applying to the court passed without any application. Terms were eventually agreed and a new lease was exchanged. In May 1991 X sent a completion statement to Y providing for the payment of the solicitors charges and the difference between the new rent and old rent. The tenancy expired on 1 July 1991. In June X wrote to Y stating
650 _aBUSINESS TENANCIES
650 _aEXTENSION OF TIME
650 _aLANDLORD AND TENANT ACT 1954
650 _aLEASE RENEWAL
650 _aSUBJECT TO CONTRACT
650 _aTERMINATION
690 _aLANDLORD AND TENANT-CASE LAW-BUSINESS TENANCIES
942 _n0
948 _c04/03/1997
999 _c41031
_d41031